| 000 | 00684nam a2200253Ia 4500 | ||
|---|---|---|---|
| 008 | 160418s9999 xx 000 0 und d | ||
| 020 | _a971-23-0415-9 | ||
| 050 | _aFIL PN 4129 | ||
| 050 | _b.G87 2005 c.1 | ||
| 100 | _aGupit, Fortunato, Jr. | ||
| 245 | _aElements of public speaking : | ||
| 245 | _ba widely used text / | ||
| 245 | _cFortunato Gupit, Jr. | ||
| 250 | _a4th Edition | ||
| 260 | _aManila : | ||
| 260 | _bRex Book Store, Inc., | ||
| 260 | _c2005 | ||
| 300 | _a376 pages : | ||
| 300 | _billustrations ; | ||
| 300 | _c23 cm. | ||
| 500 | _aIncludes bibliographical references. | ||
| 650 | _aPublic speaking. | ||
| 650 | _xPublic speaking -- Textbooks. | ||
| 999 |
_c293498 _d293498 |
||